000
00303nam a2200109 4500
008
230918b |||||||| |||| 00| 0 eng d
022
_a
0974-150x
245
_a
Nursing & Midwifery Research Journal
260
_a
New Delhi
_b
Sage
_c
2023
300
_a
vol.19,no.02
_b
illus.
_c
24cm
942
_2
ddc
_c
SR
_m
NUR
_s
1
999
_c
198247
_d
198247